La financiación del crecimiento (Registro nro. 6573)

Detalles MARC
000 -LEADER
fixed length control field 01754 a2200205 4500
001 - CONTROL NUMBER
control field 59020
005 - DATE AND TIME OF LATEST TRANSACTION
control field 20260407155845.0
008 - FIXED-LENGTH DATA ELEMENTS--GENERAL INFORMATION
fixed length control field 260407a1991 arg spa d
003 - CONTROL NUMBER IDENTIFIER
control field AR-UNSa-BCEJYS
040 ## - CATALOGING SOURCE
Original cataloging agency AR-UNSa-BCEJYS
Language of cataloging spa
Transcribing agency AR-UNSa-BCEJYS
080 ## - UNIVERSAL DECIMAL CLASSIFICATION NUMBER
Universal Decimal Classification number 330(8)
Common auxiliary subdivision Economía de América del Sur. Estados y Regiones de América del Sur.<br/>América Latina. Iberoamérica<br/>
020 ## - INTERNATIONAL STANDARD BOOK NUMBER
International Standard Book Number 950-99854-0-6
100 1# - MAIN ENTRY--PERSONAL NAME
Personal name Segundas jornadas bancarias de la República Argentina
245 10 - TITLE STATEMENT
Title La financiación del crecimiento
264 #1 - PRODUCTION, PUBLICATION, DISTRIBUTION, MANUFACTURE, AND COPYRIGHT NOTICE
Place of production, publication, distribution, manufacture Buenos Aires :
Name of producer, publisher, distributor, manufacturer ABRA
Date of production, publication, distribution, manufacture, or copyright notice 1991
300 ## - PHYSICAL DESCRIPTION
Extent 192 p.
Dimensions 20 cm.
505 ## - FORMATTED CONTENTS NOTE
Formatted contents note 1. Sesión Inaugural - 2. El Nuevo Orden Económico Mundial - 3. El Nuevo Orden y América Latina - 4. La visión empresarial de la Iniciativa de las Américas - 5. La integración regional: el MERCOSUR - 6. El Consenso de Washington - 7. Teleconferencia entre Buenos Aires y Washington: perspectiva de las inversiones en Argentina. La deuda. La seguridad jurídica. La estabilidad . La inflación - 8. La banca italiana y la financiación de mediano plazo - 9. El grupo Columbus y las Privatizaciones en América Latina - 10. América Latina después de la deuda: el caso argentino - 11. América Latina después de la deuda: el caso mexicano - 12. La cultura del crecimiento - 13. El modelo italiano - 14. El modelo de Corea y Taiwán - 15. Una alternativa para Argentina - 16. Las alternativas para la atracción de capitales - 17. Mercado de capitales - 18. Fondos de pensión - 19. Flujos internacionales de capital: "outlook" para los '90 - 20. La repatriación de capitales - 21. La recuperación de la inversión externa en los países en desarrollo - 22. Sesión de Clausura.
590 ## - LOCAL NOTE (RLIN)
Local note niveau_biblio:m niveau_hierar:0
942 ## - ADDED ENTRY ELEMENTS (KOHA)
Koha item type
Existencias
Withdrawn status Lost status Damaged status Not for loan Home library Current library Shelving location Date acquired Total checkouts Full call number Barcode Date last seen Price effective from Koha item type
        Biblioteca Prof. Eusebio Cleto del Rey Biblioteca Prof. Eusebio Cleto del Rey   07/04/2026   330(8) S456 L85633 07/04/2026 07/04/2026 Libro